Former Flags of West and North European Countries/Territories - Statistics

General Stats
  • This quiz has been taken 53 times
  • The average score is 11 of 13
Answer Stats
Picture Answer % Correct
German Empire
100%
Nazi Germany
100%
Holy Roman Empire
94%
Kingdom of France
94%
Kingdom of Great Britain (British Empire-UK-GB)
94%
Prussia
94%
East Germany (DDR)
91%
Dutch Republic
88%
Kingdom of Ireland
88%
United Kingdoms of Sweden and Norway
88%
Duchy of Luxemburg
78%
Vichy France
78%
Free City of Danzig
53%
No matching quizzes found
Score Distribution
Percent of People with Each Score
Percentile by Number Answered
Your Score History
You have not taken this quiz